1995-2003: ¿Han avanzado las mujeres? índice de compromiso cumplido latinoamericano /

Сохранить в:
Библиографические подробности
Главный автор: Valdés E., Teresa
Другие авторы: coord. Muñoz B., Ana María coord. Donoso O., Alina coord
Формат: Текст
Язык:Spanish
Опубликовано: Santiago: FLACSO
Метки: Добавить метку
Нет меток, Требуется 1-ая метка записи!

MARC

LEADER 00000 a a2200000 04500
001 36872
003 cru CIDCACS/IIS
005 20170824144918.0
008 170824b xxu||||| |||| 00| 0 spa d
999 |c 11753  |d 11753 
020 |a 956-205-198-6  
040 |c CIDCACS/IIS 
090 |a 05.03.01 V145m  
100 |a Valdés E., Teresa  
245 |a 1995-2003:   |b ¿Han avanzado las mujeres? índice de compromiso cumplido latinoamericano /   |c Teresa Valdés E.; coordinadores Ana María Muñoz B. y Alina Donoso O. 
260 |a Santiago:   |b FLACSO  
300 |a 80 páginas  
700 |a coord.   |a Muñoz B., Ana María   |a coord.   |a Donoso O., Alina   |a coord.  
942 |2 ddc  |c LI